000
00317nam a2200133Ia 4500
008
191201s2011 xx 000 0 und d
100
_a
PFLEEGER, Charles P
245
0
_a
Security in Computing
250
_a
IMP 5th
260
_a
New Delhi
_b
Pearson
_c
2011
300
_a
868
650
_a
M.Tech(CSE)
942
_2
ddc
_c
BK
999
_c
5977
_d
5977